00475 2200169 4500001002100000005001500021035002000036245007700056100001900133250001700152300003300169260004700202082000800249084001400257020002200271600001200293INLIS00000000000047720240723060548 a0010-07240000321 aTukang Sampah yang Ramah :bSi Bujang (Pangeran Katak) /cS. Eko Purwati0 aS. Eko Purwati aCetakan ke-1 aiii, 52 hlm :bilus ;c21 cm aJakarta Timur :bCV. Ghina Walafafa,c2007 a813 a813 S. t a978-979-159-502-5 4aDongeng